000 00674nam a2200253Ia 4500
003 OSt
005 20221006143408.0
006 a|||||r|||| 00| 0
007 ta
008 221006b |||||||| |||| 00| 0 eng d
020 _c
_75.95
024 _a8,846
037 _cTextual
040 _aEASL
_cEASL
_beng
041 _2eng
_aeng
082 _aX.4.N91, N2-.2
100 _aDutta M. Ed.
_9649775
245 0 _aAsian economic regimes
_b An adaptive innovation paradigm.
260 _aLondon
_bJai Press
_c1992
300 _a278p.
_ccm.
490 _v V4,Pt.B Oth
942 _hX.4.N91, N2-.2
_cTEXL
_2CC
999 _c1076932
_d1076932